000 01060nam a2200265Ia 4500
003 OSt
005 20221005111047.0
006 a|||||r|||| 00| 0
007 ta
008 221004b |||||||| |||| 00| 0 hin d
020 _a9878183614191 (hbk)
_c350
024 _a107068
037 _b1465, 17/03/2011, Kiran Book Service
_cTextual
040 _aCRL
_cCRL
_bhin
041 _2hin
_ahin
082 _a4,1.2, 152Q1
100 _aमंडल, दिलीप
245 0 _aमीडिया का अंडरवर्ल्ड
_b पेड न्यूज, कॉरपोरेट और लोकतंत्र
246 _aMīḍiyā kā aanḍaravarlḍa: peḍ nyūja, kaॉraporeṭ aur lokatantra
260 _aनई दिल्ली
_bराधाकृष्ण भारत
_c2011
300 _a230पृ0
_ccm.
650 _aहिन्दी पत्रकारिता
942 _h4,1.2, 152Q1
_cTEXL
_2cc
999 _c1020680
_d1020680